[Event "FISCA Online op"]
[Site "Chess.com INT"]
[Date "2020.06.28"]
[Round "9"]
[White "Paulet, Elena Cristiana"]
[Black "Cojocaru, Filip"]
[Result "1/2-1/2"]
[WhiteElo "1308"]
[BlackElo "1812"]
[PlyCount "61"]
[EventDate "2020.06.19"]
[EventType "swiss"]
[EventRounds "9"]
[EventCountry "ROU"]
[SourceTitle "CBM 197 Extra"]
[Source "ChessBase"]
[SourceDate "2020.09.30"]
[SourceVersion "1"]
[SourceVersionDate "2020.09.30"]
[SourceQuality "1"]

1. d4 Nf6 2. Bf4 g6 3. e3 Bg7 4. c3 0-0 5. h3 d6 6. Nf3 Nbd7 7. Be2 c5 8. 0-0 b6 9. Nbd2 Bb7 10. a4 a6 11. Bh2 Re8 12. Qc2 e5 13. dxe5 dxe5 14. Rfd1 e4 15. Ne1 Qe7 16. Nc4 Bc6 17. Qb3 Bd5 18. Qc2 Qe6 19. Nd2 c4 20. Qb1 Nc5 21. Ra3 Nd3 22. Nc2 Bf8 23. Ra1 Nd7 24. Nd4 Qe7 25. b3 cxb3 26. N2xb3 N7c5 27. Nc1 Nxc1 28. Qxc1 Bg7 29. Qc2 Red8 30. Rab1 Qa7 31. Rb4 1/2-1/2

[Event "FISCA Online op"]
[Site "Chess.com INT"]
[Date "2020.06.27"]
[Round "8"]
[White "Cojocaru, Filip"]
[Black "Hristea, Andreea Beatrice"]
[Result "1-0"]
[WhiteElo "1812"]
[BlackElo "1283"]
[PlyCount "47"]
[EventDate "2020.06.19"]
[EventType "swiss"]
[EventRounds "9"]
[EventCountry "ROU"]
[SourceTitle "CBM 197 Extra"]
[Source "ChessBase"]
[SourceDate "2020.09.30"]
[SourceVersion "1"]
[SourceVersionDate "2020.09.30"]
[SourceQuality "1"]

1. e4 c5 2. Nf3 d6 3. c3 Nc6 4. d4 cxd4 5. cxd4 e6 6. Nc3 Nf6 7. Be2 Be7 8. 0-0 a6 9. a4 0-0 10. h3 Nd7 11. Be3 f5 12. d5 Nce5 13. dxe6 Nxf3+ 14. Bxf3 Ne5 15. exf5 Rxf5 16. Bd5 Rf6 17. f4 Nc6 18. f5 h6 19. Ne4 Rf8 20. f6 gxf6 21. Bxh6 Qb6+ 22. Kh1 Kh7 23. Bxf8 Bxf8 24. Qh5+ 1-0

[Event "FISCA Online U14 op"]
[Site "Chess.com INT"]
[Date "2020.05.15"]
[Round "7"]
[White "Pal, Rohan"]
[Black "Cojocaru, Filip"]
[Result "1-0"]
[WhiteElo "1712"]
[BlackElo "1812"]
[PlyCount "61"]
[EventDate "2020.05.09"]
[EventType "swiss"]
[EventRounds "9"]
[EventCountry "ROU"]
[SourceTitle "EXT 2021"]
[Source "ChessBase"]
[SourceDate "2020.10.23"]
[SourceVersion "1"]
[SourceVersionDate "2020.10.23"]
[SourceQuality "1"]

1. e4 e6 2. d4 d5 3. Nc3 Nf6 4. e5 Nfd7 5. Nce2 c5 6. c3 Nc6 7. f4 b5 8. a3 a5 9. Nf3 Ba6 10. g3 Qb6 11. Bh3 g6 12. Be3 b4 13. axb4 cxb4 14. 0-0 b3 15. Nd2 Qb5 16. Re1 a4 17. c4 dxc4 18. Nc3 Qb7 19. d5 exd5 20. Nxd5 Ncb8 21. Nf6+ Kd8 22. Nxd7 Nxd7 23. Bg2 Qb8 24. Bxa8 Qxa8 25. Ne4 Qc6 26. Nf6 Bb7 27. Qxd7+ Qxd7 28. Nxd7 Kxd7 29. Rxa4 c3 30. bxc3 Be4 31. Rxe4 1-0

[Event "FISCA Online U14 op"]
[Site "Chess.com INT"]
[Date "2020.05.11"]
[Round "3"]
[White "Pandelescu, Maria Catalina"]
[Black "Cojocaru, Filip"]
[Result "0-1"]
[WhiteElo "1242"]
[BlackElo "1812"]
[PlyCount "144"]
[EventDate "2020.05.09"]
[EventType "swiss"]
[EventRounds "9"]
[EventCountry "ROU"]
[SourceTitle "EXT 2021"]
[Source "ChessBase"]
[SourceDate "2020.10.23"]
[SourceVersion "1"]
[SourceVersionDate "2020.10.23"]
[SourceQuality "1"]

1. e4 e6 2. d4 d5 3. e5 c5 4. c3 Qb6 5. Nf3 Nc6 6. a4 c4 7. Be2 Na5 8. Nbd2 Bd7 9. 0-0 0-0-0 10. Qc2 f6 11. Bd1 Ne7 12. Qb1 Nec6 13. Re1 fxe5 14. Nxe5 Nxe5 15. Rxe5 Bd6 16. Rg5 g6 17. b4 cxb3 18. Nxb3 Nc4 19. a5 Qc7 20. h3 Rhf8 21. Qc2 Rf7 22. Bf3 Rdf8 23. a6 b6 24. Rg4 Qc6 25. Bh6 Re8 26. Be2 e5 27. Rg5 Bf5 28. Bg4 e4 29. Bxf5+ gxf5 30. Re1 Bf4 31. Rg7 Rxg7 32. Bxg7 Rg8 33. Be5 Bxe5 34. dxe5 Nxe5 35. Nd4 Qg6 36. g3 f4 37. Re2 fxg3 38. fxg3 Qxg3+ 39. Rg2 Qxg2+ 40. Qxg2 Rxg2+ 41. Kxg2 Kd7 42. Kf2 Nc6 43. Nf5 Ke6 44. Ne3 Nb8 45. Nc2 Nxa6 46. Nd4+ Kd6 47. Nb5+ Kc5 48. Nxa7 Kc4 49. Nc8 b5 50. Nd6+ Kxc3 51. Nxb5+ Kd2 52. Nd4 Nc5 53. h4 e3+ 54. Kf1 h5 55. Ne2 Nd3 56. Nd4 Nc1 57. Nf3+ Kd1 58. Ne1 d4 59. Ng2 e2+ 60. Kf2 Nd3+ 61. Kf3 e1Q 62. Nxe1 Nxe1+ 63. Kf4 d3 64. Kg5 d2 65. Kxh5 Ke2 66. Kg5 d1Q 67. h5 Qd8+ 68. Kg6 Qh8 69. h6 Ke3 70. h7 Kf4 71. Kh6 Kf5 72. Kh5 Qxh7# 0-1

[Event "ROM-ch U12"]
[Site "Calimanesti Caciulata"]
[Date "2019.04.21"]
[Round "8"]
[White "Cojocaru, Filip"]
[Black "Mocan, Radu Adrian"]
[Result "1-0"]
[WhiteElo "1633"]
[BlackElo "1491"]
[PlyCount "136"]
[EventDate "2019.04.15"]
[EventType "swiss"]
[EventRounds "9"]
[EventCountry "ROU"]
[SourceTitle "CBM 190 Extra"]
[Source "ChessBase"]
[SourceDate "2019.07.15"]
[SourceVersion "1"]
[SourceVersionDate "2019.07.15"]
[SourceQuality "1"]

1. e4 c5 2. Nf3 d6 3. c3 Nf6 4. Be2 Nxe4 5. Qa4+ Bd7 6. Qxe4 Bc6 7. Qc2 g6 8. 0-0 e5 9. d3 Bg7 10. Be3 f5 11. Bd2 Bf6 12. Ne1 f4 13. f3 Bd7 14. c4 Nc6 15. Nc3 0-0 16. Ne4 Bf5 17. Qd1 h5 18. Nc2 a5 19. Na3 Qd7 20. Nb5 Be7 21. Nbc3 Be6 22. Be1 Nd4 23. Bf2 Nf5 24. Qe1 Rf7 25. Kh1 Nd4 26. Bxd4 cxd4 27. Nb5 d5 28. cxd5 Bxd5 29. a4 Bb4 30. Qd1 Bxe4 31. dxe4 Kg7 32. Bc4 Rf6 33. Bd5 Rb6 34. Rc1 Rc8 35. Qd3 Rc5 36. Rxc5 Bxc5 37. Qc4 Bd6 38. Rc1 Bb4 39. Kg1 Bd2 40. Rc2 Be3+ 41. Kh1 Rf6 42. Qd3 Qd8 43. Bxb7 Rf7 44. Bd5 Qh4 45. Re2 Rd7 46. b3 Rd8 47. Bc4 g5 48. Nc7 Rc8 49. Nd5 Kf8 50. Nxe3 fxe3 51. Qd1 Qf4 52. Re1 Qf6 53. Qe2 Qb6 54. Rd1 Qb4 55. h3 Rxc4 56. bxc4 Qxa4 57. Kh2 Qb3 58. c5 Qb4 59. c6 Qc5 60. Qa2 Qxc6 61. Qxa5 Qd6 62. Qb5 Ke7 63. Kg1 h4 64. Kf1 Qc7 65. Qd3 Qb6 66. Rb1 Qc6 67. Qb5 Kd6 68. Qxc6+ Kxc6 1-0

[Event "ROM-ch U12"]
[Site "Calimanesti Caciulata"]
[Date "2019.04.20"]
[Round "7"]
[White "Berechet, Eduard Mihai"]
[Black "Cojocaru, Filip"]
[Result "1/2-1/2"]
[WhiteElo "1398"]
[BlackElo "1633"]
[PlyCount "84"]
[EventDate "2019.04.15"]
[EventType "swiss"]
[EventRounds "9"]
[EventCountry "ROU"]
[SourceTitle "CBM 190 Extra"]
[Source "ChessBase"]
[SourceDate "2019.07.15"]
[SourceVersion "1"]
[SourceVersionDate "2019.07.15"]
[SourceQuality "1"]

1. e4 e6 2. d4 d5 3. c4 dxe4 4. Nc3 Nf6 5. f3 exf3 6. Nxf3 Be7 7. Bd3 0-0 8. 0-0 c5 9. d5 exd5 10. cxd5 Kh8 11. Bc2 Na6 12. Bg5 Nb4 13. Bxf6 Bxf6 14. Be4 Bg4 15. a3 Na6 16. Rc1 Bd4+ 17. Kh1 f5 18. Bb1 Nc7 19. Ba2 Qf6 20. Qd3 Rae8 21. Rce1 a6 22. a4 Qb6 23. Qd2 Rxe1 24. Nxe1 Qd6 25. Nc2 Bxc3 26. bxc3 f4 27. Ne1 b5 28. axb5 axb5 29. c4 b4 30. Qf2 Na6 31. Qh4 Bd1 32. Bb1 h6 33. Nd3 Be2 34. Rxf4 Bxd3 35. Rxf8+ Qxf8 36. Bxd3 b3 37. Qe4 g6 38. Qxg6 Qe7 39. Qxh6+ Kg8 40. Qe6+ Qxe6 41. dxe6 Nc7 42. Bf5 Kg7 1/2-1/2

[Event "ROM-ch U12"]
[Site "Calimanesti Caciulata"]
[Date "2019.04.18"]
[Round "5"]
[White "Rosca, Mario Andrei"]
[Black "Cojocaru, Filip"]
[Result "1/2-1/2"]
[WhiteElo "1337"]
[BlackElo "1633"]
[PlyCount "55"]
[EventDate "2019.04.15"]
[EventType "swiss"]
[EventRounds "9"]
[EventCountry "ROU"]
[SourceTitle "CBM 190 Extra"]
[Source "ChessBase"]
[SourceDate "2019.07.15"]
[SourceVersion "1"]
[SourceVersionDate "2019.07.15"]
[SourceQuality "1"]

1. e4 e6 2. d4 d5 3. exd5 exd5 4. Nc3 Nf6 5. Bf4 Bf5 6. Nf3 Be7 7. Be2 0-0 8. 0-0 c6 9. Qd2 Nbd7 10. a3 Ne4 11. Nxe4 Bxe4 12. Bg3 Re8 13. Rfe1 Bf6 14. Rad1 Qb6 15. c3 h6 16. h3 Qb3 17. Bf4 Nb6 18. Ne5 Bxe5 19. Bxe5 Na4 20. Ra1 Qxb2 21. Qxb2 Nxb2 22. a4 f6 23. Bg3 Nd3 24. Bxd3 Bxd3 25. Bd6 Kf7 26. a5 Bg6 27. Bc5 a6 28. Kh2 1/2-1/2

[Event "ROM-ch U10"]
[Site "Calimanesti"]
[Date "2018.04.02"]
[Round "8"]
[White "Cojocaru, Filip"]
[Black "Coicev, Matei Andrei"]
[Result "0-1"]
[WhiteElo "1269"]
[BlackElo "1069"]
[PlyCount "100"]
[EventDate "2018.03.27"]
[EventType "swiss"]
[EventRounds "9"]
[EventCountry "ROU"]
[SourceTitle "CBM 183 Extra"]
[Source "ChessBase"]
[SourceDate "2018.04.19"]
[SourceVersion "1"]
[SourceVersionDate "2018.04.19"]
[SourceQuality "1"]

1. e4 e5 2. Nf3 Nc6 3. Bc4 Nf6 4. Ng5 d5 5. exd5 Na5 6. Bb5+ c6 7. dxc6 bxc6 8. Ba4 h6 9. Nf3 e4 10. Qe2 Bc5 11. d3 Ba6 12. 0-0 0-0 13. Ne1 Re8 14. Qd2 e3 15. Qc3 exf2+ 16. Rxf2 Bxf2+ 17. Kxf2 Qb6+ 18. Kg3 Qc7+ 19. Kf3 Bb7 20. h3 Nd5 21. Qd4 c5 22. Qh4 Nb6+ 23. Kf2 Nxa4 24. Nf3 Bxf3 25. Kxf3 Qc6+ 26. Kf2 Qf6+ 27. Qxf6 gxf6 28. b3 Nb6 29. Bxh6 Kh7 30. Be3 Rac8 31. Nc3 Red8 32. Ne4 Nd7 33. Nd6 Rc6 34. Nxf7 Rf8 35. Nh6 f5 36. Bd2 Nb7 37. Re1 Rg6 38. Re2 Nd6 39. Bf4 Re8 40. Bxd6 Rxe2+ 41. Kxe2 Kxh6 42. Bf4+ Kg7 43. g3 Nb6 44. Be5+ Kh7 45. Bb8 a6 46. Bf4 Nd5 47. Kf3 Nb4 48. Bd2 Nxc2 49. Bc3 Nb4 50. Bxb4 cxb4 0-1

[Event "ROM-ch U10"]
[Site "Calimanesti"]
[Date "2018.03.27"]
[Round "1"]
[White "Palos, Bogdan Alexandru"]
[Black "Cojocaru, Filip"]
[Result "0-1"]
[WhiteElo "1039"]
[BlackElo "1269"]
[PlyCount "62"]
[EventDate "2018.03.27"]
[EventType "swiss"]
[EventRounds "9"]
[EventCountry "ROU"]
[SourceTitle "CBM 183 Extra"]
[Source "ChessBase"]
[SourceDate "2018.04.19"]
[SourceVersion "1"]
[SourceVersionDate "2018.04.19"]
[SourceQuality "1"]

1. e4 e6 2. Bc4 d5 3. exd5 exd5 4. Be2 Nf6 5. Nf3 Bc5 6. d3 h6 7. Nbd2 0-0 8. 0-0 Be6 9. Nb3 Bb6 10. a4 a5 11. Nbd4 Bxd4 12. Nxd4 Re8 13. Bd2 c5 14. Nxe6 Rxe6 15. Bg4 Nxg4 16. Qxg4 Rg6 17. Qd1 Nc6 18. c4 dxc4 19. dxc4 Rd6 20. Qf3 Rxd2 21. Rfd1 Rxd1+ 22. Rxd1 Qc7 23. h3 Rd8 24. Re1 Nd4 25. Qc3 Kf8 26. Re3 Re8 27. Rg3 Ne2+ 28. Kf1 Nxc3 29. Rxc3 Qh2 30. f3 Qh1+ 31. Kf2 Qe1# 0-1